Metaanalyse epidemiologischer Studien zum Drogenmissbrauch Jugendlicher in der Bundesrepublik Deutschland

Saved in:  
Bibliographic Details
Main Author: Schild, Ursula 1962- (Author)
Format: Print Book
Language:German
Published: 1997
In:Year: 1997
Availability in Tübingen:Present in Tübingen.
IFK: C XVII 665
Check availability: HBZ Gateway
Subito Delivery Service: Order now.
Keywords:

MARC

LEADER 00000cam a2200000 c 4500
001 237364263
003 DE-627
005 20250120014128.0
007 tu
008 971202s1997 gw ||||| m 00| ||ger c
015 |a 97,H12,1722  |2 dnb 
016 7 |a 952020092  |2 DE-101 
035 |a (DE-627)237364263 
035 |a (DE-576)066994861 
035 |a (DE-599)GBV237364263 
035 |a (OCoLC)833080023 
035 |a (OCoLC)313014291 
040 |a DE-627  |b ger  |c DE-627  |e rakwb 
041 |a ger 
044 |c XA-DE 
084 |a 33  |a 11  |a 14  |2 sdnb 
100 1 |8 1\p  |a Schild, Ursula  |d 1962-  |0 (DE-588)115815244  |0 (DE-627)691612617  |0 (DE-576)290094437  |4 aut 
109 |a Schild, Ursula 1962-  |a Schild, Ursula Elisabeth 1962-  |a Neunhoeffer, Ursula Elisabeth 1962- 
245 1 0 |a Metaanalyse epidemiologischer Studien zum Drogenmissbrauch Jugendlicher in der Bundesrepublik Deutschland  |c vorgelegt von Ursula Schild 
264 1 |c 1997 
300 |a 75 S  |b graph. Darst., Kt  |c 21 cm 
336 |a Text  |b txt  |2 rdacontent 
337 |a ohne Hilfsmittel zu benutzen  |b n  |2 rdamedia 
338 |a Band  |b nc  |2 rdacarrier 
502 |a München, Univ., Diss., 1997 
583 1 |a Archivierung prüfen  |c 20200919  |f DE-640  |z 2  |2 pdager 
583 1 |a Archivierung prüfen  |c 20240324  |f DE-4165  |z 1  |2 pdager 
655 7 |a Hochschulschrift  |0 (DE-588)4113937-9  |0 (DE-627)105825778  |0 (DE-576)209480580  |2 gnd-content 
689 0 0 |d g  |0 (DE-588)4011882-4  |0 (DE-627)104704861  |0 (DE-576)208896155  |a Deutschland  |2 gnd 
689 0 1 |d s  |0 (DE-588)4070587-0  |0 (DE-627)106099663  |0 (DE-576)209181532  |a Drogenmissbrauch  |2 gnd 
689 0 2 |d s  |0 (DE-588)4028859-6  |0 (DE-627)104419199  |0 (DE-576)208979859  |a Jugend  |2 gnd 
689 0 |5 (DE-627) 
751 |a München  |0 (DE-588)4127793-4  |0 (DE-627)105722073  |0 (DE-576)209596570  |4 uvp 
883 |8 1\p  |a cgwrk  |d 20241001  |q DE-101  |u https://d-nb.info/provenance/plan#cgwrk 
935 |i Blocktest 
951 |a BO 
ELC |b 1 
LOK |0 000 xxxxxcx a22 zn 4500 
LOK |0 001 3257261926 
LOK |0 003 DE-627 
LOK |0 004 237364263 
LOK |0 005 19981109000000 
LOK |0 008 981109||||||||||||||||ger||||||| 
LOK |0 040   |a DE-21-110  |c DE-627  |d DE-21-110 
LOK |0 852   |a DE-21-110 
LOK |0 852 1  |c C XVII 665  |m p  |9 00 
LOK |0 935   |a k110 
LOK |0 936ln  |a 9.7 
LOK |0 938   |k p 
LOK |0 939   |a 09-11-98  |b l01 
ORI |a SA-MARC-krimdoka001.raw 
SIG |a IFK: C XVII 665 
TIM |a 100019901003_100020261231  |b 1990-10-03 - 2026